[Event "Senta op 23rd"]
[White "Kuzmin, Yuriy"]
[Black "Sredojevic, Ivan"]
[Site "Senta"]
[Round "6"]
[Result "1/2-1/2"]
[Date "2019.07.23"]
[WhiteElo "2219"]
[BlackElo "2253"]
[PlyCount "42"]
[EventDate "2019.07.19"]
[EventType "swiss"]
[EventRounds "9"]
[EventCountry "SRB"]
[SourceTitle "EXT 2020"]
[Source "ChessBase"]
[SourceDate "2019.10.17"]
[SourceVersion "1"]
[SourceVersionDate "2019.10.17"]
[SourceQuality "1"]

1. d4 d6 2. Nf3 Nf6 3. c3 g6 4. Bg5 Bg7 5. Nbd2 0-0 6. e4 Nc6 7. h3 e5 8. dxe5 Nxe5 9. Nxe5 dxe5 10. Bc4 h6 11. Be3 Qe7 12. Qf3 Kh7 13. 0-0 Nh5 14. Nb3 b6 15. Rad1 Bb7 16. Bd5 Bxd5 17. Rxd5 Nf6 18. Rdd1 Qe6 19. Rfe1 Qc4 20. Bd2 Qa4 21. Nc1 Qc2 1/2-1/2

[Event "Senta op 23rd"]
[White "Kuzmin, Yuriy"]
[Black "Slavic, Nikola"]
[Site "Senta"]
[Round "4"]
[Result "1-0"]
[Date "2019.07.21"]
[WhiteElo "2219"]
[BlackElo "1912"]
[PlyCount "47"]
[EventDate "2019.07.19"]
[EventType "swiss"]
[EventRounds "9"]
[EventCountry "SRB"]
[SourceTitle "EXT 2020"]
[Source "ChessBase"]
[SourceDate "2019.10.17"]
[SourceVersion "1"]
[SourceVersionDate "2019.10.17"]
[SourceQuality "1"]

1. d4 d5 2. c4 e6 3. Nf3 Nf6 4. g3 Be7 5. Bg2 0-0 6. 0-0 dxc4 7. Qc2 a6 8. a4 b6 9. Ne5 Nd5 10. Nc3 Bb7 11. Nxd5 Bxd5 12. e4 Bb7 13. Rd1 Qc8 14. d5 exd5 15. exd5 a5 16. Be4 h6 17. Be3 Bf6 18. Nc6 Re8 19. Bf5 Nd7 20. Qxc4 Bxc6 21. dxc6 Ne5 22. Qc2 Qa6 23. Rd5 Qc4 24. Rxe5 1-0

[Event "Senta op 23rd"]
[White "Nomin Erdene, Davaademberel"]
[Black "Kuzmin, Yuriy"]
[Site "Senta"]
[Round "3"]
[Result "1-0"]
[Date "2019.07.21"]
[WhiteElo "2397"]
[BlackElo "2219"]
[PlyCount "57"]
[EventDate "2019.07.19"]
[EventType "swiss"]
[EventRounds "9"]
[EventCountry "SRB"]
[SourceTitle "EXT 2020"]
[Source "ChessBase"]
[SourceDate "2019.10.17"]
[SourceVersion "1"]
[SourceVersionDate "2019.10.17"]
[SourceQuality "1"]

1. e4 e6 2. d4 d5 3. Nc3 Bb4 4. e5 Ne7 5. a3 Bxc3+ 6. bxc3 b6 7. Qg4 0-0 8. Nf3 Ba6 9. Bxa6 Nxa6 10. h4 Kh8 11. Ng5 Qe8 12. Qe2 Qc6 13. Qd3 Nf5 14. g4 f6 15. gxf5 fxg5 16. f6 g4 17. Bg5 Rf7 18. fxg7+ Kg8 19. Rg1 Nb8 20. Rxg4 Nd7 21. Bh6 Qa4 22. Rg3 c5 23. Rd1 Rc8 24. Rd2 Qxa3 25. Kf1 cxd4 26. cxd4 Qxd3+ 27. Rdxd3 Rxc2 28. Rc3 Rfxf2+ 29. Ke1 1-0

[Event "Prague Menchik Memorial rapid"]
[White "Hurtak, Otto"]
[Black "Kuzmin, Yuriy"]
[Site "Prague"]
[Round "7"]
[Result "1-0"]
[Date "2019.06.09"]
[WhiteElo "2048"]
[BlackElo "2219"]
[PlyCount "91"]
[EventDate "2019.06.09"]
[EventType "swiss (rapid)"]
[EventRounds "9"]
[EventCountry "CSR"]
[SourceTitle "CBM 190 Extra"]
[Source "ChessBase"]
[SourceDate "2019.07.15"]
[SourceVersion "1"]
[SourceVersionDate "2019.07.15"]
[SourceQuality "1"]

1. d4 Nf6 2. Nf3 e6 3. e3 b6 4. b3 Bb7 5. Bb2 c5 6. Bd3 Be7 7. 0-0 0-0 8. c4 cxd4 9. exd4 d5 10. Nc3 Nc6 11. Re1 Rc8 12. Rc1 Re8 13. Re3 Bf8 14. cxd5 Nxd5 15. Nxd5 exd5 16. Rxe8 Qxe8 17. Bf5 Rd8 18. h4 g6 19. Bh3 Bg7 20. h5 Bc8 21. Bxc8 Rxc8 22. hxg6 hxg6 23. Rc2 Qd7 24. Re2 Re8 25. Qe1 Rxe2 26. Qxe2 Bf6 27. Ne5 Qe6 28. Kf1 Nxe5 29. dxe5 Be7 30. Bd4 Bc5 31. Qe3 Qg4 32. Bxc5 bxc5 33. f3 Qc8 34. f4 a5 35. Qc3 Qa6+ 36. Kf2 Qb6 37. Ke2 Qb5+ 38. Kf2 d4 39. Qc4 Qc6 40. g4 Qe4 41. Kg3 Qe3+ 42. Kh4 d3 43. f5 Qf2+ 44. Kg5 Qe3+ 45. Kf6 gxf5 46. Qxf7+ 1-0

[Event "Palic Karadzic Memorial op"]
[White "Kuzmin, Yuriy"]
[Black "Babic, Damir M"]
[Site "Palic"]
[Round "5"]
[Result "1/2-1/2"]
[Date "2017.10.31"]
[WhiteElo "2298"]
[BlackElo "2174"]
[PlyCount "66"]
[EventDate "2017.10.28"]
[EventType "swiss"]
[EventRounds "9"]
[EventCountry "SRB"]
[SourceTitle "CBM 181 Extra"]
[Source "ChessBase"]
[SourceDate "2017.12.12"]
[SourceVersion "1"]
[SourceVersionDate "2017.12.12"]
[SourceQuality "1"]

1. d4 Nf6 2. c4 e6 3. g3 d5 4. Bg2 Bb4+ 5. Nd2 0-0 6. Ngf3 b6 7. 0-0 Bb7 8. Ne5 Nbd7 9. Nd3 Be7 10. cxd5 exd5 11. Nf3 Ne4 12. Bf4 c5 13. Rc1 c4 14. Nde5 Nxe5 15. dxe5 f6 16. exf6 Bxf6 17. Be5 b5 18. Bxf6 Qxf6 19. Qd4 Qxd4 20. Nxd4 a6 21. Rcd1 Rae8 22. b4 Rf6 23. Bxe4 dxe4 24. Nc2 Bc8 25. Ne3 Bh3 26. Ng2 g5 27. Rd4 Rc6 28. Rc1 Bxg2 29. Kxg2 c3 30. Rc2 Kg7 31. f3 exf3+ 32. exf3 Kf6 33. Kf2 h6 1/2-1/2

[Event "Palic Karadzic Memorial op"]
[White "O'Gorman, Alice"]
[Black "Kuzmin, Yuriy"]
[Site "Palic"]
[Round "2"]
[Result "0-1"]
[Date "2017.10.29"]
[WhiteElo "1870"]
[BlackElo "2298"]
[PlyCount "64"]
[EventDate "2017.10.28"]
[EventType "swiss"]
[EventRounds "9"]
[EventCountry "SRB"]
[SourceTitle "CBM 181 Extra"]
[Source "ChessBase"]
[SourceDate "2017.12.12"]
[SourceVersion "1"]
[SourceVersionDate "2017.12.12"]
[SourceQuality "1"]

1. e4 c5 2. Nf3 Nf6 3. Nc3 d6 4. d4 cxd4 5. Nxd4 a6 6. Be3 e5 7. Nb3 Be6 8. f3 h5 9. Qd2 Nbd7 10. Nd5 Bxd5 11. exd5 g6 12. Be2 Bg7 13. 0-0 b6 14. Rac1 0-0 15. h3 Nh7 16. c3 f5 17. f4 Kh8 18. a4 Nhf6 19. fxe5 Ne4 20. Qe1 dxe5 21. Bd3 Nec5 22. Nxc5 Nxc5 23. Bxc5 bxc5 24. Bc4 Qd6 25. b4 e4 26. g4 cxb4 27. cxb4 Rae8 28. Bb3 fxg4 29. Rxf8+ Rxf8 30. hxg4 Qf4 31. Rc4 Qxg4+ 32. Kh1 Qh3+ 0-1

[Event "Primorsko op"]
[White "Kuzmin, Yuriy"]
[Black "Tilicheev, Viacheslav"]
[Site "Primorsko"]
[Round "2"]
[Result "0-1"]
[Date "2017.09.18"]
[WhiteElo "2270"]
[BlackElo "2509"]
[PlyCount "68"]
[EventDate "2017.09.17"]
[EventType "swiss"]
[EventRounds "9"]
[EventCountry "BUL"]
[SourceTitle "CBM 180 Extra"]
[Source "ChessBase"]
[SourceDate "2017.10.06"]
[SourceVersion "1"]
[SourceVersionDate "2017.10.06"]
[SourceQuality "1"]

1. e4 c5 2. Nf3 d6 3. d4 cxd4 4. Nxd4 Nf6 5. Nc3 a6 6. Bg5 e6 7. f4 b5 8. a3 Nbd7 9. Qe2 Qb6 10. 0-0-0 Bb7 11. g3 h6 12. Bxf6 gxf6 13. Qh5 Qc5 14. f5 Ke7 15. Bh3 Rc8 16. Qe2 e5 17. Nb3 Qc7 18. Bg4 h5 19. Bxh5 Nb6 20. Bf3 Nc4 21. Rd3 Qb6 22. Kb1 Bh6 23. Nd5+ Bxd5 24. Rxd5 a5 25. c3 b4 26. cxb4 axb4 27. a4 Qc6 28. a5 Qa4 29. Rd3 Nxa5 30. Nxa5 Qxa5 31. b3 Rc5 32. Rd5 Rxd5 33. exd5 Ra8 34. Qb2 Bd2 0-1

[Event "FRM-ch"]
[White "Lazov, Toni"]
[Black "Kuzmin, Yuriy"]
[Site "Ohrid"]
[Round "6"]
[Result "1/2-1/2"]
[Date "2017.08.18"]
[WhiteElo "2290"]
[BlackElo "2293"]
[PlyCount "96"]
[EventDate "2017.08.13"]
[EventType "swiss"]
[EventRounds "9"]
[EventCountry "MKD"]
[SourceTitle "CBM 180 Extra"]
[Source "ChessBase"]
[SourceDate "2017.10.06"]
[SourceVersion "1"]
[SourceVersionDate "2017.10.06"]
[SourceQuality "1"]

1. e4 c5 2. Nf3 d6 3. d4 cxd4 4. Nxd4 Nf6 5. Nc3 a6 6. a3 e6 7. g4 b5 8. g5 Nfd7 9. Be3 Bb7 10. h4 Nc6 11. h5 Nxd4 12. Qxd4 Ne5 13. Rh3 Rc8 14. 0-0-0 Ng4 15. Bd2 Ne5 16. f4 Nc4 17. g6 hxg6 18. hxg6 Rxh3 19. Bxh3 Nxd2 20. Rxd2 Rc4 21. Qa7 Qc7 22. gxf7+ Kxf7 23. f5 e5 24. Qe3 Be7 25. Bf1 Rc5 26. Kb1 Bf6 27. Be2 Ke7 28. Bh5 Rc4 29. Qg3 Qc8 30. Qg6 Qf8 31. Be2 Rd4 32. Bd3 Qh8 33. Ne2 Qh1+ 34. Ka2 Qe1 35. Nxd4 Qxd2 36. Ne6 Qh6 37. Qg1 Qh8 38. Qa7 Qa8 39. Qb6 Qc8 40. a4 g6 41. axb5 axb5 42. Qxb5 gxf5 43. exf5 Qc6 44. Qa5 Qd5+ 45. Qxd5 Bxd5+ 46. c4 Bxe6 47. fxe6 Kxe6 48. Be4 Kd7 1/2-1/2

[Event "FRM-ch"]
[White "Kuzmin, Yuriy"]
[Black "Danchevski, Orce"]
[Site "Ohrid"]
[Round "3"]
[Result "0-1"]
[Date "2017.08.15"]
[WhiteElo "2293"]
[BlackElo "2363"]
[PlyCount "64"]
[EventDate "2017.08.13"]
[EventType "swiss"]
[EventRounds "9"]
[EventCountry "MKD"]
[SourceTitle "CBM 180 Extra"]
[Source "ChessBase"]
[SourceDate "2017.10.06"]
[SourceVersion "1"]
[SourceVersionDate "2017.10.06"]
[SourceQuality "1"]

1. Nf3 Nf6 2. c4 c5 3. Nc3 Nc6 4. g3 e5 5. Bg2 Be7 6. 0-0 0-0 7. a3 d6 8. b4 cxb4 9. axb4 Nxb4 10. Ba3 Nc6 11. d4 Re8 12. e3 Bf8 13. dxe5 dxe5 14. Bxf8 Qxd1 15. Rfxd1 Kxf8 16. Ng5 Bf5 17. Nb5 h6 18. Nd6 hxg5 19. Nxf5 e4 20. Nd6 Re7 21. c5 Rd8 22. Rdb1 b6 23. f3 bxc5 24. Nb7 Rb8 25. Nxc5 Rxb1+ 26. Rxb1 exf3 27. Bxf3 Ne5 28. Be2 g6 29. h3 Rc7 30. Rb5 Re7 31. Kf1 Kg7 32. Nb3 Ne4 0-1

[Event "Vojvodina op 8th"]
[White "Kuzmin, Yuriy"]
[Black "Nomin Erdene, Davaademberel"]
[Site "Novi Sad"]
[Round "9"]
[Result "1/2-1/2"]
[Date "2017.07.23"]
[WhiteElo "2286"]
[BlackElo "2373"]
[PlyCount "51"]
[EventDate "2017.07.16"]
[EventType "swiss"]
[EventRounds "9"]
[EventCountry "SRB"]
[SourceTitle "EXT 2018"]
[Source "ChessBase"]
[SourceDate "2017.10.13"]
[SourceVersion "1"]
[SourceVersionDate "2017.10.13"]
[SourceQuality "1"]

1. Nf3 d5 2. d4 e6 3. c4 c6 4. g4 dxc4 5. Bg2 b5 6. 0-0 Bb7 7. b3 cxb3 8. axb3 Nd7 9. Nc3 a6 10. Ne5 Rc8 11. Qc2 Ngf6 12. Rd1 Be7 13. Bg5 h6 14. Nxd7 Nxd7 15. Bxe7 Qxe7 16. Ne4 0-0 17. Nc5 Nxc5 18. dxc5 Rfd8 19. b4 Qc7 20. Qc3 Rd7 21. Be4 Rcd8 22. Bc2 Kf8 23. Rxd7 Rxd7 24. Rd1 Rxd1+ 25. Bxd1 Bc8 26. Bc2 1/2-1/2

[Event "Vojvodina op 8th"]
[White "Drazic, Sinisa"]
[Black "Kuzmin, Yuriy"]
[Site "Novi Sad"]
[Round "8"]
[Result "1/2-1/2"]
[Date "2017.07.22"]
[WhiteElo "2436"]
[BlackElo "2286"]
[PlyCount "65"]
[EventDate "2017.07.16"]
[EventType "swiss"]
[EventRounds "9"]
[EventCountry "SRB"]
[SourceTitle "EXT 2018"]
[Source "ChessBase"]
[SourceDate "2017.10.13"]
[SourceVersion "1"]
[SourceVersionDate "2017.10.13"]
[SourceQuality "1"]

1. d4 Nf6 2. Bg5 Ne4 3. Bf4 c5 4. dxc5 Qa5+ 5. Nd2 Nxd2 6. Qxd2 Qxd2+ 7. Kxd2 Na6 8. e4 Nxc5 9. f3 d6 10. a4 g6 11. Ne2 Bg7 12. Nc3 0-0 13. Bg5 f6 14. Bc4+ Be6 15. Bxe6+ Nxe6 16. Be3 f5 17. exf5 Rxf5 18. Ra3 b6 19. b4 d5 20. Ne2 d4 21. Bf2 Rc8 22. Rb1 Rd5 23. g3 Rd7 24. f4 Rdc7 25. Ra2 Rc4 26. Rb3 Nc7 27. Kd3 Nd5 28. Be1 a6 29. Bd2 e6 30. Rb1 Kf7 31. Rb3 Kg8 32. Rb1 Kf7 33. Rb3 1/2-1/2

[Event "Vojvodina op 8th"]
[White "Lazor, Vladimir"]
[Black "Kuzmin, Yuriy"]
[Site "Novi Sad"]
[Round "4"]
[Result "0-1"]
[Date "2017.07.19"]
[WhiteElo "2184"]
[BlackElo "2286"]
[PlyCount "50"]
[EventDate "2017.07.16"]
[EventType "swiss"]
[EventRounds "9"]
[EventCountry "SRB"]
[SourceTitle "EXT 2018"]
[Source "ChessBase"]
[SourceDate "2017.10.13"]
[SourceVersion "1"]
[SourceVersionDate "2017.10.13"]
[SourceQuality "1"]

1. e4 c5 2. Nf3 d6 3. d4 cxd4 4. Nxd4 Nf6 5. Nc3 a6 6. Be2 e5 7. Nb3 Be7 8. 0-0 0-0 9. f4 b5 10. Bf3 Bb7 11. Be3 Nbd7 12. a4 b4 13. Nd5 Nxd5 14. exd5 Bf6 15. a5 exf4 16. Bxf4 Bxb2 17. Bxd6 Bxa1 18. Bxf8 Be5 19. Bc5 Nxc5 20. Nxc5 Qh4 21. g3 Qd4+ 22. Kg2 Qxc5 23. d6 Bxf3+ 24. Qxf3 Rf8 25. d7 Bf6 0-1

[Event "Marianske Lazne IM-B3 16th"]
[White "Jurek, Josef"]
[Black "Kuzmin, Yuriy"]
[Site "Marianske Lazne"]
[Round "7"]
[Result "1/2-1/2"]
[Date "2017.01.26"]
[WhiteElo "2272"]
[BlackElo "2307"]
[PlyCount "34"]
[EventDate "2017.01.21"]
[EventType "tourn"]
[EventRounds "9"]
[EventCountry "CZE"]
[EventCategory "1"]
[SourceTitle "CBM 176 Extra"]
[Source "ChessBase"]
[SourceDate "2017.03.02"]
[SourceVersion "1"]
[SourceVersionDate "2017.03.02"]
[SourceQuality "1"]

1. Nf3 d5 2. d4 Nf6 3. c4 c6 4. Qb3 dxc4 5. Qxc4 e6 6. Nc3 b5 7. Qb3 Nbd7 8. Bg5 Bb7 9. e4 b4 10. Na4 h6 11. Bxf6 gxf6 12. Bc4 Qa5 13. 0-0 0-0-0 14. Rfc1 Kb8 15. a3 Rg8 16. axb4 Qxb4 17. Nc5 Qxb3 1/2-1/2

[Event "Marianske Lazne IM-B3 16th"]
[White "Kuzmin, Yuriy"]
[Black "Ozen, Deniz"]
[Site "Marianske Lazne"]
[Round "4"]
[Result "1/2-1/2"]
[Date "2017.01.24"]
[WhiteElo "2307"]
[BlackElo "2240"]
[PlyCount "283"]
[EventDate "2017.01.21"]
[EventType "tourn"]
[EventRounds "9"]
[EventCountry "CZE"]
[EventCategory "1"]
[SourceTitle "CBM 176 Extra"]
[Source "ChessBase"]
[SourceDate "2017.03.02"]
[SourceVersion "1"]
[SourceVersionDate "2017.03.02"]
[SourceQuality "1"]

1. Nf3 Nf6 2. g3 d5 3. Bg2 c6 4. 0-0 Bg4 5. d3 Nbd7 6. h3 Bxf3 7. exf3 e6 8. f4 Bd6 9. Nd2 0-0 10. Nf3 Re8 11. Re1 Qc7 12. Bd2 Rad8 13. Bc3 c5 14. Be5 d4 15. Qe2 Bxe5 16. fxe5 Nd5 17. h4 Nb4 18. c4 dxc3 19. bxc3 Nc6 20. Qe4 Nf8 21. Rab1 Rd5 22. Qc4 Qd7 23. Qb5 Re7 24. c4 Rxd3 25. Qxc5 b6 26. Qb5 Rxf3 27. Rbd1 Rd3 28. Rxd3 Qxd3 29. Bxc6 Rc7 30. Re3 Qd4 31. Qa4 h6 32. Kg2 Ng6 33. Be4 Qxc4 34. Qe8+ Nf8 35. a4 Rc8 36. Qb5 Qxb5 37. axb5 Rc5 38. Bc6 a6 39. Rb3 axb5 40. Bxb5 Rxe5 41. Bc6 b5 42. Bxb5 Rd5 43. Bc6 Rd8 44. Be4 g6 45. Rb7 Rd7 46. Rb5 Nh7 47. Bc6 Rd2 48. Be4 Nf6 49. Bf3 Kg7 50. Ra5 Ne8 51. Ra8 Nd6 52. Ra5 Kf6 53. Rc5 e5 54. Rd5 Rxd5 55. Bxd5 e4 56. f3 e3 57. f4 Nf5 58. Bc4 Nd4 59. g4 h5 60. gxh5 gxh5 61. Bd3 Ne6 62. Kf3 e2 63. Kf2 Nxf4 64. Bc4 Kg6 65. Bb5 e1Q+ 66. Kxe1 Ng2+ 67. Kf2 Nxh4 68. Be8 Nf5 69. Kg2 Nd6 70. Bd7 Kg5 71. Kg3 Ne4+ 72. Kf3 Nc5 73. Bb5 f5 74. Bc4 Nd7 75. Bd5 Ne5+ 76. Kg3 h4+ 77. Kh3 Nd3 78. Bf3 Nf2+ 79. Kg2 Ng4 80. Kh3 Ne5 81. Bd5 Ng6 82. Bf3 f4 83. Bb7 Ne5 84. Bc8 Nd3 85. Bb7 Nc5 86. Bc6 Nb3 87. Bb7 Nd2 88. Kg2 Nc4 89. Kh3 Nd6 90. Bc6 Nf5 91. Bb7 Nd4 92. Kg2 Kg4 93. Bc8+ Nf5 94. Bd7 h3+ 95. Kf2 Kg5 96. Bc8 Kf6 97. Bb7 Nd6 98. Bf3 Ke5 99. Kg1 Ne4 100. Bg4 Ng5 101. Kf2 Ne4+ 102. Kg1 Ng5 103. Kf2 Ke4 104. Bc8 Kd4 105. Bf5 Ne4+ 106. Kg1 Ng5 107. Kf2 Kc3 108. Kf1 Kd2 109. Kf2 Kc3 110. Kf1 Kc4 111. Kf2 Kd4 112. Bc8 Ke4 113. Bb7+ Kf5 114. Bc8+ Ke5 115. Bd7 Kd4 116. Bc8 Kc3 117. Bd7 Kd2 118. Bf5 h2 119. Kg2 f3+ 120. Kxh2 f2 121. Kg2 Ke1 122. Bd3 Ne6 123. Kf3 Nd4+ 124. Ke3 Nc2+ 125. Kf3 Nb4 126. Bc4 Nc6 127. Ke3 Ne5 128. Ba6 Nd7 129. Bb5 Nb6 130. Ba6 Nd5+ 131. Kf3 Nb4 132. Bb5 Nc2 133. Ba6 Nd4+ 134. Ke3 Ne6 135. Bc4 Nc7 136. Kf3 Nd5 137. Ba6 Nb4 138. Bc4 Nc2 139. Ba6 Nd4+ 140. Ke3 f1Q 141. Bxf1 Ne2 142. Bxe2 1/2-1/2

[Event "Belgrade Trophy 30th"]
[White "Kuzmin, Yuriy"]
[Black "Mazur, Stefan"]
[Site "Belgrade"]
[Round "5"]
[Result "1/2-1/2"]
[Date "2016.11.28"]
[WhiteElo "2236"]
[BlackElo "2461"]
[PlyCount "148"]
[EventDate "2016.11.24"]
[EventType "swiss"]
[EventRounds "9"]
[EventCountry "SRB"]
[SourceTitle "CBM 175 Extra"]
[Source "ChessBase"]
[SourceDate "2016.12.12"]
[SourceVersion "1"]
[SourceVersionDate "2016.12.12"]
[SourceQuality "1"]

1. d4 Nf6 2. c4 g6 3. Nf3 Bg7 4. g3 0-0 5. Bg2 d6 6. Nc3 Nc6 7. 0-0 Bf5 8. d5 Na5 9. Nd2 c6 10. b4 Nxc4 11. Nxc4 Nxd5 12. Nxd5 Bxa1 13. Bh6 Bg7 14. Bxg7 Kxg7 15. Nde3 Be6 16. a4 Bxc4 17. Nxc4 d5 18. Na5 Qb6 19. Qd2 Rad8 20. Nb3 Qc7 21. a5 Qe5 22. f4 Qf6 23. Qd4 Qxd4+ 24. Nxd4 e6 25. Rc1 Rc8 26. e3 a6 27. Nb3 Rfe8 28. Nc5 Rc7 29. Kf2 f5 30. Nd3 Kf6 31. Bf3 g5 32. Be2 Rg7 33. Bf3 Reg8 34. Rh1 Ke7 35. Rd1 g4 36. Bg2 h5 37. Rc1 Kf6 38. Rh1 Rb8 39. h3 gxh3 40. Rxh3 Rh7 41. Bf3 b6 42. axb6 Rxb6 43. Rxh5 Rxh5 44. Bxh5 Rb5 45. Bd1 Ke7 46. Ba4 Rb6 47. Ke2 Kd6 48. Kd2 Rb8 49. Kc3 a5 50. bxa5 c5 51. Ne5 Ra8 52. Bd1 Rxa5 53. g4 Ra3+ 54. Kd2 Ra2+ 55. Bc2 fxg4 56. Nxg4 c4 57. Ne5 Ra7 58. Nf3 Rg7 59. Nd4 Rg2+ 60. Kc3 Rg3 61. Kd2 Rh3 62. Bd1 e5 63. fxe5+ Kxe5 64. Nf3+ Kd6 65. Nd4 Kc5 66. Nc2 Rh1 67. Bg4 Rg1 68. Bf3 Rg3 69. Bh5 Rh3 70. Bg4 Rh4 71. Bf3 Rh2+ 72. Kc3 Rh3 73. Nd4 Rh8 74. Ne6+ Kd6 1/2-1/2

[Event "Novi Sad Serbian op"]
[White "Mihov, Filip"]
[Black "Kuzmin, Yuriy"]
[Site "Novi Sad"]
[Round "7"]
[Result "1/2-1/2"]
[Date "2016.11.11"]
[WhiteElo "2116"]
[BlackElo "2236"]
[PlyCount "174"]
[EventDate "2016.11.06"]
[EventType "swiss"]
[EventRounds "9"]
[EventCountry "SRB"]
[SourceTitle "CBM 175 Extra"]
[Source "ChessBase"]
[SourceDate "2016.12.12"]
[SourceVersion "1"]
[SourceVersionDate "2016.12.12"]
[SourceQuality "1"]

1. d4 Nf6 2. c4 e6 3. Nc3 Bb4 4. e3 0-0 5. Bd3 d5 6. a3 Be7 7. Nge2 c6 8. 0-0 dxc4 9. Bxc4 Nbd7 10. e4 e5 11. d5 Nb6 12. Ba2 cxd5 13. exd5 Bf5 14. Ng3 Bg6 15. Re1 Nfd7 16. Nge4 Rc8 17. Qe2 Bc5 18. Nxc5 Nxc5 19. Rd1 e4 20. f3 Qh4 21. fxe4 Bh5 22. Qe1 Qg4 23. Rd4 Nbd7 24. Qg3 Qxg3 25. hxg3 f6 26. Nb5 Bg6 27. Nd6 Rc7 28. Nb5 Rcc8 29. Nd6 Rc7 30. b4 Na4 31. Nb5 Rcc8 32. d6+ Bf7 33. Bxf7+ Kxf7 34. Be3 Rc2 35. Rc1 Rfc8 36. Nc7 Rxc1+ 37. Bxc1 Nc3 38. Kf2 a6 39. Bd2 Nb5 40. Nxb5 axb5 41. Rd5 Rc2 42. Ke2 Ra2 43. Rxb5 b6 44. Rd5 Rxa3 45. g4 g5 46. Be3 Ra2+ 47. Kf1 Ke6 48. Rd4 Rb2 49. Bf2 Rc2 50. Bg3 h6 51. Kg1 Rb2 52. Rc4 b5 53. Rc8 Ne5 54. Rd8 Rd2 55. Bxe5 fxe5 56. d7 Rd4 57. Re8+ Kxd7 58. Rxe5 Rxb4 59. Kf2 Rb2+ 60. Ke3 Rxg2 61. Rxb5 Rxg4 62. Rb6 h5 63. Rb7+ Kc6 64. Rh7 h4 65. Kd4 Rg3 66. Ke5 h3 67. Kf6 g4 68. e5 Rg2 69. e6 h2 70. Rh8 Rf2+ 71. Kg5 g3 72. e7 Re2 73. Kf4 g2 74. Rxh2 g1Q 75. Rxe2 Qf1+ 76. Ke3 Kd7 77. Kd2 Ke8 78. Re3 Qb1 79. Re2 Qb2+ 80. Ke1 Qd4 81. Kf1 Qd1+ 82. Kf2 Qc1 83. Re3 Qc5 84. Ke2 Qc2+ 85. Ke1 Qc1+ 86. Ke2 Qxe3+ 87. Kxe3 Kxe7 1/2-1/2